000 00666nam a22001817a 4500
005 20251108170942.0
008 250721s1999 xx 000 0 ara d
082 1 4 _a650.072/أسا
100 1 _aجمعة، أحمد حلمي
245 1 0 _aأساسيات البحث العلمي في العلوم الإقتصادية و المالية و الإدارية مع عرض لبحوث متقدمة في المحاسبة /
264 1 _aعمان :
_bدار صفاء للنشر و التوزيع،
_c1999.
300 _a277ص
650 1 7 _aالبحث
650 1 7 _aالبحث العلمي
650 1 7 _aإدارة الأعمال
942 _2ddc
_cBK
999 _c52887
_d52887